Personnages bibliques de A à Z (facile) - Statistiques

Statistiques générales
  • Ce quiz a été pris 229 fois
  • Le résultat moyen est 14 sur 19
Statistiques - réponses
% Correct
J Le fils de Dieu Jésus
96%
C Il a tué son frère Abel Caïn
93%
N Il a survécu au Déluge Noé
93%
M Il a mené les Hébreux hors d'Égypte Moïse
90%
D Petit berger qui a tué G avec une fronde David
86%
G Géant philistin prétendu invincible, tué par D Goliath
86%
B Tour détruite par Dieu, symbole de l'orgueil humain Babel
83%
P Principal apôtre de J : Simon-... Pierre
82%
A Le premier des patriarches Abraham
81%
S Grand roi d'Israël, fils de D Salomon
80%
V Mère de Jésus : la... Vierge Marie
80%
I Fils de A Isaac | Ismaël
77%
T Apôtre qui ne croit que ce qu'il voit Thomas
77%
Y Nom juif de Dieu Yahvé | Yéovah
70%
H Roi de Judée qui a ordonné le massacre des innocents Hérode
66%
E Cousine de Marie, trop vieille pour enfanter Élisabeth
54%
R Belle-fille de Naomi, elle a un livre à son nom Ruth
49%
Z Mari de E Zacharie
47%
L Neveu de A, impliqué dans l'affaire Sodome et Gomorrhe Loth
37%
Aucun quiz correspondant
Distribution des résultats
% des personnes avec chaque résultat
Percentile par nombre de réponses
Votre historique - résultats
Vous n’avez pas pris ce quiz